00711nam a2200241 a 4500001001300000003000900013005001700022008004100039020002300080082001300103100001900116245002400135260004200159300001000201500003500211505002900246650001400275700001900289902000800308942000700316952012900323999001700452nice12345678IN_TiNIC20260116014009.0131108s2011 newa grp 000 0 eng  a9780071321150c60000a301bRIT aRitzer, George aSociological Theory aNew York bMcgraw-Hill Book Co c2011 a769p  aincludes index and biblioraphy2 aNameIndex, Subject Index aSociology1 aRitzer, George bSRS cBK 001040708StackRoom-aHMIbHMId2013-11-08g600.00l8m1o301 RITp024177r2023-07-18s2023-07-12v600.00w2013-11-08yBK c13429d13429